Harry Potter Petit Bac Des Prénoms - Statistiques

Statistiques générales
  • Ce quiz a été pris 4 637 fois
  • Le résultat moyen est 58 sur 135
Statistiques - réponses
Lettre Personnage % Correct
A Albus Dumbledore
94%
H Harry Potter
93%
R Ron Weasley
92%
H Hermione Granger
91%
F Fred Weasley
85%
G George Weasley
85%
G Ginny Weasley
83%
S Severus Rogue
82%
D Drago Malefoy
81%
A Arthur Weasley
80%
J James Potter
80%
B Bill Weasley
79%
M Molly Weasley
79%
L Luna Lovegood
78%
M Minerva Mcgonagall
78%
S Sirius Black
78%
R Rubeus Hagrid
77%
C Charlie Weasley
75%
P Percy Weasley
75%
L Lucius Malefoy
74%
R Remus Lupin
74%
N Neville Londubat
73%
B Bellatrix Lestrange
71%
K Katie Bell
71%
L Lily Evans
70%
F Fleur Delacour
69%
C Cedric Diggory
68%
N Narcissa Malefoy
68%
C Cho Chang
67%
T Tom Jedusor
65%
D Dolores Ombrage
64%
A Alastor Maugrey
62%
P Peter Pettigrow
62%
A Abelforth Dumbledore
60%
D Dobby
60%
V Viktor Krum
60%
N Nymphadora Tonks
59%
G Gregory Goyle
58%
V Vincent Crabbe
58%
D Dudley Dursley
57%
X Xenophilius Lovegood
57%
P Pétunia Dursley
56%
D Dean Thomas
55%
S Seamus Finnigan
55%
V Vernon Dursley
55%
F Filius Flitwick
53%
V Voldemort
53%
A Ariana Dumbledore
52%
H Hedwige
52%
P Pomona Chourave
51%
Q Quirinus Quirell
50%
G Gilderoy Lockhart
48%
A Argus Rusard
47%
P Parvati Patil
46%
I Igor Karkaroff
45%
L Lavande Brown
45%
P Padma Patil
45%
T Teddy Lupin
44%
R Regulus Black
43%
A Amos Diggory
42%
C Cornelius Fudge
42%
A Andromeda Tonks
41%
B Buck
41%
O Olivier Dubois
41%
P Pansy Parkinson
40%
R Rose Weasley
40%
H Horace Slughorn
39%
A Angelina Johnson
38%
K Kreattur
38%
O Olympe Maxime
38%
H Helena Serdaigle
37%
H Hugo Weasley
37%
N Nick Quasi sans tete
37%
P Poppy Pomfresh
37%
R René Bibine
37%
S Sybille Trelawney
37%
M Marjorie Dursley
36%
P Pattenrond
36%
C Colin Crivey
35%
M Mimi Geignarde
35%
B Blaise Zabini
34%
N Nagini
34%
G Garrick Ollivander
33%
K Kingsley Schaklebolt
32%
L Lee Jordan
31%
F Fenrir Greyback
30%
P Perceval Dumbledore
30%
S Scorpius Malefoy
30%
A Alecto Carrow
29%
A Amycus Carrow
29%
C Croutard
29%
K Kendra Dumbledore
29%
B Bathilda Tourdesac
28%
F Firenze
27%
H Hannah Abbot
27%
R Rita Skeeter
27%
R Rowena Serdaigle
26%
S Salazar Serpentard
26%
M Mondingus Fletcher
25%
G Godric Gryffondor
24%
H Helga Poufsouffle
24%
R Rufus Scrimgeour
24%
P Peeves
23%
A Alicia Spinnet
22%
E Elvis Gaunt
22%
A Arabella Figg
21%
C Cormac Mclaggen
21%
C Crockdur
21%
G Graup
21%
M Merope Gaunt
20%
A Antonin Dolohov
19%
E Elphias Dodge
19%
G Grosse Dame
19%
B Baron Sanglant
18%
B Bartemius junior
18%
B Bartemius senior
18%
S Stanley Rocade
18%
A Aurora Sinistra
17%
M Morfin Gaunt
17%
F Fumseck
16%
T Touffu
16%
G Gabrielle Delacour
14%
I Ignotus Peverell
14%
G Gripsec
13%
I Irma Pince
13%
M Moine Gras
13%
Z Zacharias Smith
13%
D Dame Grise
12%
R Romilda Vane
12%
C Coquecigrue
11%
T Trevor
11%
M Mafalda Hopkins
10%
W Wilhemina Gobe Planche
9%
N Nigel Wolpert
7%
S Septima Vector
7%
Aucun quiz correspondant
Distribution des résultats
% des personnes avec chaque résultat
Percentile par nombre de réponses
Votre historique - résultats
Vous n’avez pas pris ce quiz